000 00522nam a22002057a 4500
008 150622b xxu||||| |||| 00| 0 alb d
020 _a9992701943
041 0 _aalb
080 _a33
100 _aKristo, Ilia;
245 _aBiznesi Ndërkombëtar /
_cIlia Kristo.
250 _a2nd Edition
260 _aTiranë:
_bSHBLU;
_c2002.
300 _a424 f.:
_bme il.;
_c24 cm.
500 _aParathënie: f.[iii]-vi
650 0 _aTregëtia ndërkombëtare
650 0 _aBiznesi
650 0 _aMenaxhimi
942 _2udc
_cBK
999 _c1063
_d1063